MARC

LEADER 00000nam0a2200000 4500
001 322169
005 20231101022149.0
035 |a (RuTPU)RU\TPU\book\347725 
035 |a RU\TPU\book\51021 
090 |a 322169 
100 |a 20160919d1967 km y0rusy50 ca 
101 0 |a rus 
102 |a RU 
105 |a a z 001zy 
200 1 |a Элементы теории надежности для проектирования технических систем  |f А. Л. Райкин 
210 |a Москва  |c Советское радио  |d 1967 
215 |a 72 с.  |c ил. 
225 1 |a Библиотека технической кибернетики 
320 |a Библиография: с. 256-261 
320 |a Предм. указ.: с. 262 
606 1 |a Технические системы сложные  |x Надежность  |2 stltpush  |3 (RuTPU)RU\TPU\subj\60084 
610 1 |a технические системы 
610 1 |a надежность 
610 1 |a теория 
610 1 |a элементы 
610 1 |a модели 
610 1 |a ремонтируемые системы 
610 1 |a планирование 
610 1 |a эксплуатация 
610 1 |a обслуживание 
610 1 |a диаграммы 
610 1 |a проектирование 
675 |a 621-192  |v 4 
700 1 |a Райкин  |b А. Л.  |g Анатолий Львович 
801 1 |a RU  |b 63413507  |c 20030320  |g PSBO 
801 2 |a RU  |b 63413507  |c 20230130  |g PSBO 
942 |c BK